| 000 | 00509nam a2200193 a 4500 | ||
|---|---|---|---|
| 001 | 1765435095269 | ||
| 003 | YourLibrary | ||
| 005 | 20251213131027.0 | ||
| 008 | 251211s2009##################000#0#eng## | ||
| 020 | _a9780415494601 | ||
| 082 | 0 | 4 | _a895.1146YIM |
| 100 | 1 |
_aYan, Zhixiong, _eauthor. |
|
| 245 | 1 | 0 | _aThe Poet-historian Qian Qianyi : |
| 260 |
_bTaylor & Francis, _c2009. |
||
| 300 | _a248 pages | ||
| 650 | 0 | _aLiterary Criticism. | |
| 942 | _cENGLISH | ||
| 040 |
_aYourLibrary _beng _cYourLibrary |
||
| 999 |
_c602408 _d602408 |
||